01008 2200349 4500001002100000005001500021035002000036007000300056040001700059100001400076245010500090250001000195300002900205504002900234020002200263041000800285082001000293084001600303090002000319264003800339336002100377337003000398338002300428650001500451850001000466008004100476500002900517700004400546110002400590990002200614990002200636INLIS00000000000836120260526110933 a0010-0922000850ta aSBPUPADbind0 ePengarang1 aSapi :bDari Hulu ke Hilir dan Info Mancanegara /cTim penulis Agriflo; editor, Pratiwi Kusumangtyas aCet.2 a200 hlm :bIlus ;c22 cm aBibliografi, hlm 198-199 a978-979-002-555-4 aind a636.2 a636.2 TIM s a880 PUR b 24-13 aJakarta :bPenebar Swadaya,c2016 2rdacontentateks 2rdamediaatanpa perantara 2rdacarrieravolume 4aPeternakan aPUPAD260526 0  aTentang penulis, hlm 2000 aeditor, Pratiwi KusumangtyasePengarang1 aTim penulis Agriflo a23.939/H/DPK/2017 a23.938/H/DPK/2017